=LDR 00000nam 2200000 4500 =001 INLIS000000000041450 =005 20130612151002 =008 ***********************************ind** =035 ##$$0010-061300000041450 =041 ##$$a ind =082 ##$$a 617.22 =090 ##$$a 617.22, Par, p =100 ##$$a Prabu, R.D.R =245 ##$$a penyakit-penyakit infeksi umum =260 ##$$a 1991 $b Jakarta =300 ##$$a vii, 132 hlm., 25 cm =650 ##$$a Infeksi =850 ##$$a NBPNMAT